000 00767nam a2200265Ia 4500
003 OSt
005 20220925212441.0
006 a|||||r|||| 00| 0
007 ta
008 220923b |||||||| |||| 00| 0 eng d
037 _cGeneral Book
040 _aRTL
_cRTL
_beng
041 _2eng
_aeng
082 _aY:(R17), M8
100 _aHage Jerald
_9134210
245 0 _aSocial causality
260 _aLondon
_bAllen & Unwin
_c1988
300 _axii,219p
_ccm.
490 _aContemporary social resesarch series. 16
500 _aBibiliogrpahy P 201-10
650 _aScientific Method
_9231124
700 _a Meener Barbara Foley
_9276817
942 _hY:(R17), M8
_cGB
_2CC
999 _c560383
_d560383